00828nam a2200145Ia 450000500170000000800390001702000180005608200150007410000190008924500640010826000460017230000140021852004250023265000250065720260302161943.0260302s9999 xx 000 0 und d a9780792396840 a339.5bCRE aGoff, Brian L. 0aRegulation and Macroeconomic Performance / cGoff, Brian L. bSpringer Science & Business Media, c1996 a174 pages aThere are few aggregate measures of the amount of regulation in the macroeconomy, despite the enormity of regulation and its macroeconomic consequences. Regulation and Macroeconomic Performance attempts to increase the awareness of macroeconomic effects of regulation by providing some descriptions of regulation's scope and channels as well as providing quantitative assessments based on technical statistical evidence. aBusiness & Economics